00326nam a2200121Ia 4500008004100000041000800041082001700049100001500066245004500081260003600126300003100162365001100193240624s9999 xx 000 0 und d aeng a658.4092 LAK aLAKSHMAN C aKNOWLEDGE LEADERSHIP TOOLS FOR EXECUTIVE c2008aNew DelhibResponse Books axii, : 215 : p. : cm. ; 21 cRSb30